Life stages, gender and fertility in Bangladesh / (Record no. 34979)
[ view plain ]
| 000 -LEADER | |
|---|---|
| fixed length control field | 01026nam a2200289 a 4500 |
| 001 - CONTROL NUMBER | |
| control field | 34979 |
| 003 - CONTROL NUMBER IDENTIFIER | |
| rucl marc code | BD-RjUL |
| 005 - DATE AND TIME OF LATEST TRANSACTION | |
| control field | 20211209052236.0 |
| 008 - FIXED-LENGTH DATA ELEMENTS--GENERAL INFORMATION | |
| fixed length control field | 160807s1985 bg a b i001 0 eng d |
| 035 ## - SYSTEM CONTROL NUMBER | |
| System control number | (BD-RjUL)35073 |
| 040 ## - CATALOGING SOURCE | |
| Original cataloging agency | DLC |
| Transcribing agency | DLC |
| Modifying agency | DLC |
| -- | BD-RjUL |
| Language of cataloging | eng |
| 041 ## - LANGUAGE CODE | |
| Language code of text/sound track or separate title | eng |
| 082 00 - DEWEY DECIMAL CLASSIFICATION NUMBER | |
| Classification number | 305.3095492 |
| Edition number | 23 |
| Author mark and year | AZL 1985 |
| 100 1# - MAIN ENTRY--PERSONAL NAME | |
| Personal name | Aziz, K. M. Ashraful |
| 9 (RLIN) | 53817 |
| 245 10 - TITLE STATEMENT | |
| Title | Life stages, gender and fertility in Bangladesh / |
| Statement of responsibility, etc. | K.M. Ashraful Aziz |
| 260 ## - PUBLICATION, DISTRIBUTION, ETC. (IMPRINT) | |
| Place of publication, distribution, etc. | Dhaka, Bangladesh : |
| Name of publisher, distributor, etc. | International Centre for Diarrhoeal Disease Research, Bangladesh, |
| Date of publication, distribution, etc. | 1985. |
| 300 ## - PHYSICAL DESCRIPTION | |
| Pagination | xi, 231 p. : |
| Illustrations | ill. ; |
| Size | 25 cm. |
| 490 1# - SERIES STATEMENT | |
| Series statement | Monograph ; |
| Volume/sequential designation | no. 3 |
| 504 ## - BIBLIOGRAPHY, ETC. NOTE | |
| Bibliography, etc | Bibliography: p. [213]-224. and Index |
| 650 #0 - SUBJECT ADDED ENTRY--TOPICAL TERM | |
| Topical term or geographic name as entry element | Sex role |
| Geographic subdivision | Bangladesh. |
| 9 (RLIN) | 106495 |
| Topical term or geographic name as entry element | Birth control |
| Geographic subdivision | Bangladesh. |
| 9 (RLIN) | 53814 |
| Topical term or geographic name as entry element | Life cycle, Human. |
| 9 (RLIN) | 106496 |
| 700 1# - ADDED ENTRY--PERSONAL NAME | |
| Personal name | Maloney, Clarence. |
| 830 #0 - SERIES ADDED ENTRY--UNIFORM TITLE | |
| Volume number/sequential designation | no. 3. |
| Uniform title | Monograph (International Centre for Diarrhoeal Disease Research, Bangladesh) ; |
| 942 ## - ADDED ENTRY ELEMENTS (KOHA) | |
| Source of classification or shelving scheme | Dewey Decimal Classification |
| Koha item type | Books |
| Lost status | Source of classification or shelving scheme | Damaged status | Not for loan | Collection code | Permanent Location | Current Location | Shelving location | Date acquired | Source of acquisition | Cost, normal purchase price | Total Checkouts | Full call number | Date last seen | Copy number | Koha item type | Total Renewals | Date checked out |
|---|---|---|---|---|---|---|---|---|---|---|---|---|---|---|---|---|---|
| Dewey Decimal Classification | Non-fiction | Central Library, University of Rajshahi | Central Library, University of Rajshahi | 12/04/1994 | Charma Social Were | 175.00 | 305.3095492 AZL 1985 | 20/05/2014 | C-2 | Books | |||||||
| Dewey Decimal Classification | Non-fiction | Central Library, University of Rajshahi | Central Library, University of Rajshahi | 12/04/1994 | Charma Social Were | 175.00 | 305.3095492 AZL 1985 | 20/05/2014 | C-3 | Books | |||||||
| Dewey Decimal Classification | Non-fiction | Central Library, University of Rajshahi | Central Library, University of Rajshahi | 12/04/1994 | Charma Social Were | 175.00 | 305.3095492 AZL 1985 | 20/05/2014 | C-4 | Books | |||||||
| Dewey Decimal Classification | Non-fiction | Central Library, University of Rajshahi | Central Library, University of Rajshahi | 12/04/1994 | Charma Social Were | 175.00 | 305.3095492 AZL 1985 | 20/05/2014 | C-5 | Books | |||||||
| Dewey Decimal Classification | Not For Loan | Non-fiction | Central Library, University of Rajshahi | Central Library, University of Rajshahi | Reading Room | 12/04/1994 | Charma Social Were | 175.00 | 305.3095492 AZL 1985 | 20/05/2014 | C-1 | Books | |||||
| Dewey Decimal Classification | Non-fiction | Central Library, University of Rajshahi | Central Library, University of Rajshahi | 12/01/1994 | Social Work, Chairman | 175.00 | 305.3095492 AZL 1985 | 07/08/2016 | C-6 | Books | |||||||
| Dewey Decimal Classification | Non-fiction | Central Library, University of Rajshahi | Central Library, University of Rajshahi | 20/12/1986 | Author | 2 | 305.3095492 AZL 1985 | 08/04/2019 | C-7 | Books | 1 | 07/03/2018 |